000 00391nam a2200193Ia 4500
008 151119s9999||||xx |||||||||||||| ||und||
082 _a181.45
082 _bGKKV19631
100 _aTAIMNI J K
245 _aGAYATRI
260 _a--
260 _b--
260 _c0
600 _aTAIMNI J K
630 _aGAYATRI
700 _aTAIMNI J K
730 _aGAYATRI
942 _cBOOK
999 _c1072572
_d1072569